| 000 | 00701nam a22001817a 4500 | ||
|---|---|---|---|
| 005 | 20251108165407.0 | ||
| 008 | 250721s1986 xx 000 0 ara d | ||
| 082 | 1 | 4 | _aم/016.21112/مجم |
| 245 | 1 | 0 |
_aالفهرس الشامل للتراث العربي الإسلامي المخطوط : _bعلوم القران: مخطوط التجويد / |
| 264 | 1 |
_aعمان : _bالمجمع، _c1986. |
|
| 300 | _a3ج | ||
| 490 | 0 | _aسلسله منشورات المجمع؛65 | |
| 650 | 1 | 7 | _aالقرآن الكريمتجويد القرآن |
| 650 | 1 | 7 | _aالفهارس |
| 710 | 2 |
_aالمجمع الملكي لبحوث الحضاره الاسلاميه _eاعداد |
|
| 942 |
_2ddc _cREF |
||
| 999 |
_c26860 _d26860 |
||